| 000 | 01257nam a2200133Ia 4500 | ||
|---|---|---|---|
| 008 | 220615s9999||||xx |||||||||||||| ||und|| | ||
| 020 | _a9783040000000 | ||
| 245 | 4 | _aThe Numerical Simulation of Fluid Flow | |
| 546 | _aEnglish[eng] | ||
| 650 | _acave formation||P-waves||S-waves||Stoneley wave||scattered wave||bluff body||roughness model||Venturi effect||suppression hybrid control||Lagrangian description||Formula 1||Computational Fluid Dynamics (CFD)||external aerodynamics||OpenFoam||snappyHexMesh||incompressible flow||Federation Internationale de l’Automobile (FIA)||downforce||drag||vortex||wake||bluff body aerodynamics||boundary layer separation||vortex shedding||Lagrangian vortex method||vertical axis wind turbine (VAWT)||two-dimensional wake simulation||finite vortex method||vortex particle method||three-dimensional effect correction model of the wake||local radial point interpolation cumulant LBM||aeroacoustics||dispersion||dissipation||wind turbine||immersed boundary method||quasi multi-moment method||incompressible Navier–Stokes equation||dispersion-relation-preserving||flow–structure interaction | ||
| 700 | _aCastilla, Robert||Vernet, Anton | ||
| 856 | _uhttps://mdpi.com/books/pdfview/book/5015 | ||
| 942 | _cEB | ||
| 999 |
_c12113 _d12113 |
||